000
00309nam a22001217a 4500
008
181015b xxu||||| |||| 00| 0 eng d
041
_a
eng
080
_a
336
100
_a
56
101
_a
fin
245
_a
Modern Public Finanace The Study Public Sector Economics
_c
Herber.B.P
942
_2
udc
_c
BK
999
_c
49686
_d
49686